000 00366nam a2200145Ia 4500
008 230711s9999||||xx |||||||||||||| ||und||
041 _aENG
082 _a621
_bVA-P
100 _aVadhera,SS
245 0 _aPower system analysis and stability
250 _a4th . Ed.
260 _c2000
_aNew Delhi
_bKhanna Publishers
650 _aElectrical Engineering
942 _cBK
999 _c3770
_d3770